[Event "NBC 2000-02"]
[Site "?"]
[Date "2000.01.01"]
[Round "?"]
[White "Elwert Hans"]
[Black "Oosterom Joop van"]
[Result "1-0"]
[WhiteElo "2681"]
[BlackElo "2684"]
[PlyCount "73"]
[EventDate "2000.??.??"]
[Source "www.chesslib.no"]
[SourceDate "2004.05.04"]

1. e4 c5 2. Nf3 d6 3. d4 cxd4 4. Nxd4 Nf6 5. Nc3 a6 6. Bg5 e6 7. f4 Nbd7 8. Qf3 Qc7 9. O-O-O Be7 10. g4 b5 11. Bxf6 Nxf6 12. g5 Nd7 13. f5 Bxg5+ 14. Kb1 Ne5 15. Qh5 Qd8 16. h4 Bf6 17. fxe6 O-O 18. Bh3 Kh8 19. Nd5 fxe6 20. Bxe6 Bd7 21. Rdf1 Nc4 22. Rxf6 Rxf6 23. Bxd7 Rh6 24. Qf5 Rxh4 25. Rd1 Qf8 26. Ne6 Qxf5 27. exf5 Ne5 28. Nec7 Rf8 29. Be6 Nf3 30. Nxa6 Nd4 31. Nac7 Nxf5 32. Rf1 g6 33. a3 Re4 34. Nc3 Re5 35. N3xb5 Kg7 36. a4 h5 37. a5 1-0

[Event "Vienna Millenium"]
[Site "Vienna"]
[Date "1996.??.??"]
[Round "7"]
[White "Polgar, Judit"]
[Black "Gelfand, Boris"]
[Result "1/2-1/2"]
[WhiteElo "2665"]
[BlackElo "2665"]
[PlyCount "182"]
[EventDate "1996.08.09"]
[Source "ChessBase"]

1. e4 c5 2. Nf3 d6 3. d4 cxd4 4. Nxd4 Nf6 5. Nc3 a6 6. Bg5 e6 7. f4 Be7 8. Qf3 Qc7 9. O-O-O Nbd7 10. Bd3 h6 11. Bh4 g5 12. fxg5 Ne5 13. Qe2 Nfg4 14. Nf3 hxg5 15. Bg3 Nxf3 16. Qxf3 Ne5 17. Bxe5 dxe5 18. Rhf1 Rh7 19. h4 Bd7 20. h5 O-O-O 21. g4 Bb4 22. Ne2 Ba4 23. Kb1 Kb8 24. Qe3 Be7 25. Ng1 Rc8 26. Rc1 Rg7 27. Nf3 Bc5 28. Qe2 Qb6 29. Nd2 Ba3 30. Nb3 Be7 31. Rf3 Be8 32. Qh2 Qc7 33. Nd2 Rh7 34. Rcf1 Bb5 35. Bxb5 Qxc2+ 36. Ka1 axb5 37. Qxe5+ Ka8 38. Rc3 Rxc3 39. Qxc3 Qxc3 40. bxc3 Bd6 41. Nf3 Bf4 42. e5 Ka7 43. Rb1 Ka6 44. Kb2 Rh8 45. Rd1 Kb6 46. Rd7 Rf8 47. Kc2 Kc6 48. Rd6+ Kc5 49. Rd7 Kc6 50. Rd1 Ra8 51. Kb3 Kc7 52. Rd4 Kc6 53. Rd6+ Kc7 54. Rd1 Kc6 55. Rd4 Rh8 56. Rb4 Kd5 57. Kc2 Ra8 58. Rd4+ Kc6 59. Kb2 Rh8 60. a3 Ra8 61. Kb3 Rh8 62. Rb4 Kd5 63. Rd4+ Kc6 64. a4 bxa4+ 65. Rxa4 Kd5 66. Rd4+ Kc6 67. Rd6+ Kc7 68. Rd1 Kc6 69. Kc4 b5+ 70. Kb4 Ra8 71. Rd6+ Kc7 72. Kxb5 f5 73. gxf5 exf5 74. Rf6 Rh8 75. Rxf5 Rxh5 76. Nd4 Rh3 77. c4 Re3 78. Rf7+ Kd8 79. e6 Ke8 80. c5 Re4 81. Rd7 Rxe6 82. Ra7 Re1 83. Nf5 Re5 84. Nd6+ Kf8 85. Nc4 Rf5 86. Kb6 g4 87. Nd6 Rf6 88. Ra8+ Ke7 89. Ra7+ Ke6 90. Ne4 Rg6 91. Kb5 g3 1/2-1/2

[Event "Koge"]
[Site "?"]
[Date "1997.??.??"]
[Round "?"]
[White "Oll, L."]
[Black "Sadler, M."]
[Result "1-0"]
[WhiteElo "2645"]
[BlackElo "2665"]
[PlyCount "127"]
[EventDate "1997.??.??"]
[Source "ChessBase"]
[SourceDate "1997.06.01"]

1. e4 c5 2. Nf3 d6 3. d4 cxd4 4. Nxd4 Nf6 5. Nc3 a6 6. Bg5 e6 7. f4 Be7 8. Qf3 Qc7 9. O-O-O Nbd7 10. g4 b5 11. Bxf6 Nxf6 12. g5 Nd7 13. f5 Bxg5+ 14. Kb1 Ne5 15. Qh5 Qd8 16. Nxe6 Bxe6 17. fxe6 O-O 18. Rg1 Bf6 19. exf7+ Kh8 20. Nd5 g6 21. Qh3 Rxf7 22. Nf4 Qd7 23. Qb3 Qc6 24. Bh3 Bg7 25. Rgf1 Raf8 26. Ne6 Rxf1 27. Bxf1 Rf2 28. a4 b4 29. h3 h6 30. Nd4 Qc8 31. Qe6 Qb7 32. Qd5 Qc8 33. Qxd6 b3 34. cxb3 Nf3 35. Bc4 Nd2+ 36. Rxd2 Rxd2 37. e5 Qe8 38. Qc6 Qf8 39. Qe4 h5 40. Nf3 Rg2 41. Nh4 Rg1+ 42. Ka2 Qe7 43. Nxg6+ Rxg6 44. Qxg6 Qxe5 45. Qg2 a5 46. Qa8+ Kh7 47. Bd3+ Kh6 48. Qg2 Qf6 49. h4 Bh8 50. Qd2+ Kg7 51. Qxa5 Qxh4 52. Qe5+ Kg8 53. Qe8+ Kg7 54. Bc4 Qf6 55. Qxh5 Kf8 56. Qe2 Qd4 57. b4 Be5 58. a5 Ke7 59. Kb3 Kd6 60. Qd3 Qxd3+ 61. Bxd3 Kc7 62. b5 Kb7 63. Be4+ Ka7 64. Ka3 1-0

[Event "Bugojno"]
[Site "Bugojno"]
[Date "1980.??.??"]
[Round "7"]
[White "Tal, Mihail"]
[Black "Ljubojevic, Ljubomir"]
[Result "1/2-1/2"]
[WhiteElo "2705"]
[BlackElo "2590"]
[PlyCount "37"]
[EventDate "1980.05.??"]
[Source "ChessBase"]

1. e4 c5 2. Nf3 d6 3. d4 cxd4 4. Nxd4 Nf6 5. Nc3 a6 6. Bg5 e6 7. f4 Be7 8. Qf3 h6 9. Bh4 Nbd7 10. O-O-O Qc7 11. Be2 Rg8 12. Bg3 b5 13. e5 Bb7 14. Qf1 dxe5 15. fxe5 Nd5 16. Nxd5 Bxd5 17. Bf3 Nb6 18. Kb1 Rc8 19. Bxd5 1/2-1/2

[Event "Hastings Premier 9798"]
[Site "Hastings"]
[Date "1998.01.06"]
[Round "8"]
[White "Nunn, John DM"]
[Black "Sadler, Matthew"]
[Result "1/2-1/2"]
[WhiteElo "2620"]
[BlackElo "2665"]
[PlyCount "143"]
[EventDate "1997.12.29"]
[Source "ChessBase"]
[SourceDate "1998.04.09"]

1. e4 c5 2. Nf3 d6 3. d4 cxd4 4. Nxd4 Nf6 5. Nc3 a6 6. Bg5 e6 7. f4 Be7 8. Qf3 Qc7 9. O-O-O Nbd7 10. Bd3 h6 11. Qh3 Nb6 12. f5 e5 13. Nde2 Bd7 14. Kb1 Bc6 15. Be3 d5 16. Bxb6 Qxb6 17. exd5 Ba3 18. b3 Bxd5 19. Nxd5 Nxd5 20. Be4 Nf6 21. Qf3 O-O 22. Bxb7 Ra7 23. Be4 a5 24. Nc3 a4 25. Nd5 Nxd5 26. Bxd5 axb3 27. Bxb3 Be7 28. Rhe1 Rfa8 29. Qe3 Bc5 30. Qxe5 Rxa2 31. Re4 R2a3 32. Kb2 Ra2+ 33. Kb1 R2a3 34. Kb2 R3a5 35. Rd5 Ra2+ 36. Kc3 Rc8 37. Rc4 Bb4+ 38. Kd3 Rxc4 39. Kxc4 Ra8 40. Rb5 Qd6 41. Qxd6 Bxd6 42. h3 Rc8+ 43. Kd5 Bg3 44. c4 Kf8 45. c5 Ke7 46. Ke4 h5 47. Bd5 Rc7 48. c6 h4 49. Kd4 Ra7 50. Bf3 Bc7 51. Rd5 Ra4+ 52. Kd3 Bd6 53. Rb5 Bc7 54. Be4 Ra3+ 55. Kc4 Ra4+ 56. Kd3 Ra3+ 57. Kc2 Ra4 58. Bf3 Ra5 59. Rb7 Kd6 60. Rb4 Rxf5 61. Rd4+ Kc5 62. Rxh4 g5 63. Ra4 Rf4 64. Ra7 Kd6 65. Ra1 f5 66. Rd1+ Kc5 67. Rd5+ Kb6 68. Kd3 g4 69. hxg4 fxg4 70. Be4 Kxc6 71. g3 Rxe4 72. Kxe4 1/2-1/2

[Event "Isle of Man op"]
[Site "Isle of Man"]
[Date "1997.??.??"]
[Round "6"]
[White "Lalic, Bogdan"]
[Black "Sadler, Matthew"]
[Result "1/2-1/2"]
[WhiteElo "2600"]
[BlackElo "2665"]
[PlyCount "41"]
[EventDate "1997.10.??"]
[Source "www.chesslib.no"]
[SourceDate "2004.05.04"]

1. e4 c5 2. Nf3 d6 3. d4 cxd4 4. Nxd4 Nf6 5. Nc3 a6 6. Bg5 e6 7. f4 Be7 8. Qf3 Qc7 9. O-O-O Nbd7 10. g4 b5 11. Bxf6 Nxf6 12. g5 Nd7 13. f5 Bxg5+ 14. Kb1 Ne5 15. Qh5 Qd8 16. Rg1 Bf6 17. fxe6 O-O 18. Bh3 g6 19. Nd5 fxe6 20. Bxe6+ Kh8 21. Qe2 1/2-1/2

[Event "Elenite"]
[Site "Elenite"]
[Date "1995.??.??"]
[Round "4"]
[White "Short, Nigel D"]
[Black "Georgiev, Kiril"]
[Result "1/2-1/2"]
[WhiteElo "2645"]
[BlackElo "2605"]
[PlyCount "51"]
[EventDate "1995.09.??"]
[Source "ChessBase"]

1. e4 c5 2. Nf3 d6 3. d4 cxd4 4. Nxd4 Nf6 5. Nc3 a6 6. Bg5 e6 7. f4 Be7 8. Qf3 Qc7 9. O-O-O Nbd7 10. Qg3 h6 11. Bh4 g5 12. fxg5 Nh5 13. Qe3 Qc5 14. Qd2 Bxg5 15. Bxg5 Qxg5 16. Nf3 Qxd2+ 17. Rxd2 Ke7 18. Be2 Nhf6 19. Rhd1 Ne8 20. a4 b6 21. b3 Ra7 22. Kb2 Rc7 23. Rd4 Bb7 24. Nd2 Rg8 25. g3 Rg5 26. Rc4 1/2-1/2

[Event "Bundesliga 2007-8"]
[Site "Werder Bremen GER"]
[Date "2007.12.09"]
[Round "6"]
[White "Naiditsch, A."]
[Black "Kempinski, R."]
[Result "1-0"]
[WhiteElo "2639"]
[BlackElo "2596"]
[PlyCount "93"]
[EventDate "2007.10.19"]
[Source "www.chesslib.no"]
[SourceDate "2004.05.04"]

1. e4 c5 2. Nf3 d6 3. d4 cxd4 4. Nxd4 Nf6 5. Nc3 a6 6. Bg5 e6 7. f4 Be7 8. Qf3 Qc7 9. O-O-O Nbd7 10. Bd3 h6 11. Qh3 Nb6 12. f5 e5 13. Nb3 Bd7 14. Kb1 Bc6 15. Rhe1 Nbd7 16. g4 O-O-O 17. Bxf6 Nxf6 18. Bc4 Rhf8 19. Nd5 Bxd5 20. Bxd5 Kb8 21. Qg3 Rc8 22. c3 Qb6 23. Ka1 a5 24. Nd2 Qc5 25. Bb3 b5 26. a3 Nd7 27. Nf1 b4 28. cxb4 axb4 29. a4 Qa7 30. Qd3 Rc7 31. Kb1 Nc5 32. Qc4 Rb7 33. Ne3 Nxa4 34. f6 gxf6 35. Bxa4 Qxa4 36. Rc1 Ra7 37. Nd5 Qa1+ 38. Kc2 Qxc1+ 39. Rxc1 Rc8 40. Kb3 Rxc4 41. Rxc4 Bd8 42. Rxb4+ Kc8 43. Ra4 Rb7+ 44. Kc3 Kd7 45. Ra8 Bb6 46. b4 Bg1 47. h3 1-0

[Event "Turin"]
[Site "Turin"]
[Date "1982.??.??"]
[Round "12"]
[White "Ljubojevic, Ljubomir"]
[Black "Portisch, Lajos"]
[Result "1/2-1/2"]
[WhiteElo "2600"]
[BlackElo "2630"]
[PlyCount "254"]
[EventDate "1982.06.??"]
[Source "ChessBase"]

1. e4 c5 2. Nf3 d6 3. d4 cxd4 4. Nxd4 Nf6 5. Nc3 a6 6. Bg5 e6 7. f4 Be7 8. Qf3 Qc7 9. O-O-O Nbd7 10. g4 b5 11. Bxf6 Nxf6 12. g5 Nd7 13. h4 b4 14. Nce2 Bb7 15. Kb1 Nc5 16. Ng3 O-O-O 17. Bg2 Kb8 18. Qe3 Rc8 19. Qd2 Qb6 20. f5 Rhe8 21. Rhe1 Bf8 22. Nh5 e5 23. Nb3 a5 24. Nxc5 dxc5 25. Qd7 Re7 26. Qd6+ Qxd6 27. Rxd6 Rec7 28. Red1 c4 29. Bh3 Re8 30. c3 Ka7 31. R6d2 bxc3 32. bxc3 Rb8 33. Ka1 Bc6 34. Bf1 Rcb7 35. Bxc4 Ba3 36. Nxg7 a4 37. Re1 Bb2+ 38. Rxb2 Rxb2 39. f6 Rf2 40. Nf5 Bxe4 41. Nd6 Bg6 42. Nxf7 Rfb2 43. a3 Bxf7 44. Bxf7 Rc2 45. h5 Rxc3 46. g6 hxg6 47. hxg6 Rxa3+ 48. Ba2 Rf3 49. g7 Rxf6 50. g8=Q Rxg8 51. Bxg8 Rf5 52. Bh7 Rh5 53. Bc2 Kb6 54. Kb2 Kc5 55. Re4 Kd6 56. Rxa4 Rh3 57. Be4 Rh2+ 58. Kc3 Ke7 59. Kd3 Rf2 60. Ra7+ Kd6 61. Ra6+ Ke7 62. Kc4 Rf6 63. Ra7+ Kd6 64. Rh7 Ke6 65. Rb7 Kd6 66. Ra7 Re6 67. Ra1 Rf6 68. Rh1 Re6 69. Rd1+ Ke7 70. Ra1 Kd6 71. Kb5 Rf6 72. Rd1+ Ke7 73. Kc5 Ra6 74. Rh1 Ra5+ 75. Kb4 Ra2 76. Rh6 Ra1 77. Bd5 Kd7 78. Kb5 Rc1 79. Ra6 Ke7 80. Bc4 Re1 81. Kc5 e4 82. Kd4 e3 83. Ke5 Kd7 84. Ke4 Kc7 85. Bd3 Kb7 86. Rh6 Kc7 87. Kf3 Kd7 88. Be2 Ke7 89. Kxe3 Ra1 90. Kd4 Re1 91. Bg4 Kf7 92. Kd5 Ke7 93. Bf5 Ra1 94. Be4 Ra5+ 95. Kd4 Ra1 96. Ke5 Re1 97. Rh7+ Ke8 98. Kd5 Kf8 99. Ra7 Re3 100. Bf5 Re7 101. Ra1 Re2 102. Be6 Ke7 103. Ra7+ Kf6 104. Rf7+ Kg5 105. Kd6 Re1 106. Rf3 Ra1 107. Bc4 Re1 108. Kd5 Rd1+ 109. Ke4 Re1+ 110. Kd4 Rd1+ 111. Bd3 Ra1 112. Be4 Ra4+ 113. Ke5 Ra5+ 114. Bd5 Kg4 115. Rf2 Kg5 116. Rb2 Kg4 117. Rg2+ Kh5 118. Rg1 Rb5 119. Ke4 Kh6 120. Be6 Ra5 121. Bg4 K 7 122. Kf4 Ra3 123. Bf5+ Kf8 124. Kg5 Ke7 125. Rd1 Ra7 126. Rd5 Rc7 127. Bh3 Ra7 1/2-1/2

[Event "Munich SKA"]
[Site "Munich"]
[Date "1994.??.??"]
[Round "1"]
[White "Benjamin, Joel"]
[Black "Lutz, Christopher"]
[Result "1/2-1/2"]
[WhiteElo "2620"]
[BlackElo "2595"]
[PlyCount "44"]
[EventDate "1994.05.??"]
[Source "ChessBase"]

1. e4 c5 2. Nf3 d6 3. d4 cxd4 4. Nxd4 Nf6 5. Nc3 a6 6. Bg5 e6 7. f4 Be7 8. Qf3 Qc7 9. O-O-O Nbd7 10. Bd3 h6 11. Qh3 Nc5 12. f5 Bd7 13. fxe6 Nxe6 14. Bxf6 Nf4 15. Qg3 Bxf6 16. Rhf1 Bxd4 17. Qxf4 Bxc3 18. Qxf7+ Kd8 19. bxc3 Qxc3 20. Qb3 Qxb3 21. cxb3 Ke7 22. Kd2 Rhf8 1/2-1/2

[Event "Open Aeroflot"]
[Site "Mosca RUS"]
[Date "2007.02.14"]
[Round "1"]
[White "Mamedov, Rau"]
[Black "Areshchenko, A."]
[Result "0-1"]
[WhiteElo "2566"]
[BlackElo "2644"]
[PlyCount "74"]
[EventDate "2007.02.14"]
[Source "www.chesslib.no"]
[SourceDate "2004.05.04"]

1. e4 c5 2. Nf3 d6 3. d4 cxd4 4. Nxd4 Nf6 5. Nc3 a6 6. Bg5 e6 7. f4 h6 8. Bh4 Be7 9. Qf3 Nbd7 10. O-O-O Qc7 11. Bd3 g5 12. fxg5 Ne5 13. Qe2 Nfg4 14. Nf3 hxg5 15. Bxg5 Bxg5+ 16. Nxg5 Qc5 17. Nh3 b5 18. Kb1 Bb7 19. Rde1 O-O-O 20. a4 bxa4 21. Nxa4 Qa5 22. b3 Kb8 23. Nb2 Rc8 24. Nf2 Nxf2 25. Qxf2 Qb4 26. Qe2 Rc5 27. Rd1 Ra5 28. Qd2 Qa3 29. Na4 Rxa4 30. bxa4 Ka8 31. Qc1 Qxa4 32. Qb2 Rb8 33. Kc1 f5 34. Be2 Qxe4 35. Rd2 Qe3 36. Qa1 Bc8 37. Re1 d5 0-1

[Event "Olimpiadi 2008 - open"]
[Site "Dresda GER"]
[Date "2008.11.21"]
[Round "8"]
[White "Wang Hao"]
[Black "Dao Thien Hai"]
[Result "0-1"]
[WhiteElo "2696"]
[BlackElo "2510"]
[PlyCount "40"]
[EventDate "2008.11.13"]
[Source "www.chesslib.no"]
[SourceDate "2004.05.04"]

1. e4 c5 2. Nf3 d6 3. d4 cxd4 4. Nxd4 Nf6 5. Nc3 a6 6. Bg5 e6 7. f4 Be7 8. Qf3 Qc7 9. O-O-O Nbd7 10. Bd3 h6 11. Bh4 b5 12. e5 Bb7 13. Qh3 dxe5 14. Nxe6 fxe6 15. Bg6+ Kf8 16. fxe5 Nxe5 17. Bg3 Qc5 18. Rd5 Qe3+ 19. Kb1 Nxg6 20. Rd3 Nf4 0-1

[Event "Russia (ch) 73/307"]
[Site "?"]
[Date "1998.??.??"]
[Round "?"]
[White "Yemelin, Vasily"]
[Black "Rublevsky, Sergei"]
[Result "1/2-1/2"]
[WhiteElo "2510"]
[BlackElo "2685"]
[PlyCount "145"]
[EventDate "1998.??.??"]
[Source "ChessBase"]
[SourceDate "1998.06.01"]

1. e4 c5 2. Nf3 d6 3. d4 cxd4 4. Nxd4 Nf6 5. Nc3 a6 6. Bg5 e6 7. f4 Be7 8. Qf3 h6 9. Bh4 Qc7 10. O-O-O Nbd7 11. Bd3 g5 12. fxg5 Ne5 13. Qg3 Rg8 14. Qe1 hxg5 15. Bf2 b5 16. Kb1 Bb7 17. Nf3 Ned7 18. a3 Rc8 19. Bd4 Ne5 20. Qf2 Nc6 21. Bb6 Ng4 22. Qg1 Qb8 23. h3 Nf6 24. Qf2 b4 25. axb4 Nxb4 26. Rhf1 Ba8 27. Bd4 e5 28. Ba7 Qb7 29. Qb6 Qxb6 30. Bxb6 g4 31. Nd2 gxh3 32. gxh3 Rh8 33. Rf3 d5 34. exd5 Nfxd5 35. Nxd5 Bxd5 36. Be4 Ba2+ 37. Ka1 Be6 38. c3 Nd5 39. Nc4 Rxc4 40. Bxd5 Bxd5 41. Rxd5 f6 42. Bf2 Re4 43. Ra5 Re2 44. Rxa6 Kf7 45. Ra7 Ke6 46. c4 e4 47. Rf4 Rxh3 48. Bd4 Rf3 49. Rh4 Rd3 50. Ra6+ Kf5 51. Bc3 e3 52. Ra5+ Kg6 53. Rg4+ Kf7 54. Ra7 Rxc3 55. bxc3 f5 56. Rd4 Kf6 57. Rdd7 Bc5 58. Ra6+ Kg5 59. Rd5 Bf8 60. Kb1 Bg7 61. c5 Bxc3 62. Re6 Bd2 63. Ree5 Bc3 64. Rxf5+ Kg4 65. Rf8 Rb2+ 66. Kc1 e2 67. Re8 Ra2 68. c6 e1=Q+ 69. Rxe1 Bxe1 70. c7 Ra8 71. Rd8 Bg3 72. Rxa8 Bxc7 73. Kc2 1/2-1/2

[Event "Wijk m"]
[Site "Wijk aan Zee"]
[Date "1993.??.??"]
[Round "1"]
[White "Adams, Michael"]
[Black "Hodgson, Julian M"]
[Result "1/2-1/2"]
[WhiteElo "2630"]
[BlackElo "2565"]
[PlyCount "72"]
[EventDate "1993.01.??"]
[Source "ChessBase"]

1. e4 c5 2. Nc3 d6 3. Nge2 Nf6 4. d4 cxd4 5. Nxd4 a6 6. Bg5 e6 7. f4 Be7 8. Qf3 Qc7 9. O-O-O Nbd7 10. g4 b5 11. Bxf6 Nxf6 12. g5 Nd7 13. f5 Bxg5+ 14. Kb1 Ne5 15. Qh5 Qd8 16. Nxe6 Bxe6 17. fxe6 O-O 18. Bh3 g6 19. Qe2 fxe6 20. Bxe6+ Kh8 21. h4 Bf6 22. h5 g5 23. Rhf1 h6 24. Nd5 Bg7 25. Rxf8+ Qxf8 26. Rf1 Qd8 27. Ne3 Qe7 28. Bb3 Rf8 29. Nf5 Qf6 30. c3 g4 31. a3 Qg5 32. Rd1 Qxh5 33. Rxd6 Qg5 34. Rxa6 g3 35. Qg2 Nd3 36. Rd6 Nf4 1/2-1/2

[Event "Bundesliga 2007-8"]
[Site "Werder Bremen GER"]
[Date "2007.12.07"]
[Round "7"]
[White "Hracek, Z."]
[Black "Kempinski, R."]
[Result "1/2-1/2"]
[WhiteElo "2598"]
[BlackElo "2596"]
[PlyCount "39"]
[EventDate "2007.10.19"]
[Source "www.chesslib.no"]
[SourceDate "2004.05.04"]

1. e4 c5 2. Nf3 d6 3. d4 cxd4 4. Nxd4 Nf6 5. Nc3 a6 6. Bg5 e6 7. f4 Be7 8. Qf3 Qc7 9. O-O-O Nbd7 10. g4 h6 11. Bxf6 Bxf6 12. h4 Qb6 13. Nb3 Be7 14. Kb1 Nc5 15. Bc4 Bd7 16. g5 O-O-O 17. Rhg1 hxg5 18. hxg5 Bc6 19. Rge1 Bd7 20. Rh1 1/2-1/2

[Event "Lewkowitz Memorial B"]
[Site "Lewkowitz Memorial B"]
[Date "1994.??.??"]
[Round "?"]
[White "Echeguren, Gustavo"]
[Black "Normantas, Valentinas P"]
[Result "1/2-1/2"]
[WhiteElo "2565"]
[BlackElo "2620"]
[PlyCount "74"]
[EventDate "1994.??.??"]
[Source "www.chesslib.no"]
[SourceDate "2004.05.04"]

1. e4 c5 2. Nf3 d6 3. d4 cxd4 4. Nxd4 Nf6 5. Nc3 a6 6. Bg5 e6 7. f4 Be7 8. Qf3 Qc7 9. O-O-O Nbd7 10. g4 b5 11. Bxf6 Nxf6 12. g5 Nd7 13. f5 Nc5 14. h4 b4 15. fxe6 fxe6 16. Nce2 g6 17. Bh3 Rf8 18. Qe3 e5 19. Nf3 Bb7 20. Nd2 d5 21. exd5 Bxd5 22. Rhf1 Rd8 23. Kb1 Rf7 24. Bg4 Kf8 25. h5 Rxf1 26. Rxf1+ Kg8 27. hxg6 hxg6 28. Re1 Qd6 29. Nc1 e4 30. Ncb3 Rf8 31. Rh1 Qe5 32. Qh3 Rf7 33. Nxc5 Bxc5 34. Be2 Bf8 35. Nc4 Qd4 36. Qc8 Qf2 37. Qh3 Qd4 1/2-1/2

[Event "London"]
[Site "?"]
[Date "1996.??.??"]
[Round "?"]
[White "Nunn, J."]
[Black "Lalic, B."]
[Result "1-0"]
[WhiteElo "2605"]
[BlackElo "2575"]
[PlyCount "69"]
[EventDate "1996.??.??"]
[Source "ChessBase"]
[SourceDate "1996.02.01"]

1. e4 c5 2. Nf3 d6 3. d4 Nf6 4. Nc3 cxd4 5. Nxd4 a6 6. Bg5 e6 7. f4 Be7 8. Qf3 Qc7 9. O-O-O Nbd7 10. g4 b5 11. a3 Rb8 12. Bxf6 Nxf6 13. f5 e5 14. Nde2 Bb7 15. g5 Nxe4 16. Nxe4 d5 17. N4c3 d4 18. Ne4 Bxg5+ 19. Kb1 O-O 20. N2g3 Kh8 21. h4 Be3 22. f6 g6 23. h5 b4 24. hxg6 fxg6 25. Bc4 Bf4 26. Rxh7+ Qxh7 27. Rh1 Bh6 28. f7 Qg7 29. Rh2 Bxe4 30. Nxe4 g5 31. Nd6 Rb6 32. Nf5 g4 33. Qg3 Qg5 34. Qxe5+ Kh7 35. Bd3 1-0

[Event "Corr"]
[Site "?"]
[Date "1998.03.01"]
[Round "?"]
[White "Hector Jonny (SVE)"]
[Black "Maliangkay Ruud (NLD)"]
[Result "1-0"]
[WhiteElo "2559"]
[BlackElo "2612"]
[PlyCount "87"]
[EventDate "1998.??.??"]
[Source "www.chesslib.no"]
[SourceDate "2004.05.04"]

1. e4 c5 2. Nf3 d6 3. d4 cxd4 4. Nxd4 Nf6 5. Nc3 a6 6. Bg5 e6 7. f4 Be7 8. Qf3 Qc7 9. O-O-O Nbd7 10. g4 b5 11. Bxf6 Nxf6 12. g5 Nd7 13. f5 Nc5 14. f6 gxf6 15. gxf6 Bf8 16. Rg1 h5 17. a3 Rb8 18. e5 Bb7 19. Qg3 dxe5 20. Ncxb5 Qb6 21. Qxe5 Rc8 22. Rg5 Ne4 23. Rg7 Bd5 24. Re1 Rh6 25. Rg8 Kd7 26. c4 Bxc4 27. Rxf8 Rxf8 28. Rxe4 Rc8 29. Nc3 Qc7 30. Qg5 Rg6 31. Qd2 Qd6 32. Bxc4 Rg1+ 33. Kc2 Rxc4 34. Nf3 Qxd2+ 35. Kxd2 Rxe4 36. Nxe4 Rg2+ 37. Ke3 e5 38. Nxe5+ Ke6 39. Nf3 Rxb2 40. Nfg5+ Kf5 41. Nxf7 Rb3+ 42. Kd4 Rxa3 43. Ne5 Ra4+ 44. Kc5 1-0

[Event "Hastings 71/269"]
[Site "?"]
[Date "1997.??.??"]
[Round "?"]
[White "Relange, Eloi"]
[Black "Sadler, Matthew"]
[Result "0-1"]
[WhiteElo "2505"]
[BlackElo "2665"]
[PlyCount "68"]
[EventDate "1997.??.??"]
[Source "ChessBase"]
[SourceDate "1997.10.01"]

1. e4 c5 2. Nf3 d6 3. d4 cxd4 4. Nxd4 Nf6 5. Nc3 a6 6. Bg5 e6 7. f4 Be7 8. Qf3 Qc7 9. O-O-O Nbd7 10. g4 b5 11. Bxf6 Nxf6 12. g5 Nd7 13. f5 Bxg5+ 14. Kb1 Ne5 15. Qh5 Qd8 16. Nxe6 Bxe6 17. fxe6 O-O 18. Rg1 Bf6 19. exf7+ Kh8 20. Nd5 g6 21. Qh3 Rxf7 22. Nf4 Qd7 23. Qb3 Qc6 24. Bh3 Bg7 25. Rgf1 Raf8 26. Ne6 Rxf1 27. Bxf1 Rf2 28. a4 bxa4 29. Qb8+ Bf8 30. Nxf8 Qxc2+ 31. Ka2 Nc6 32. Nxg6+ Kg7 33. Qb7+ Rf7 34. Qb6 a5 0-1

[Event "Jugoslavija 74/290"]
[Site "?"]
[Date "1998.??.??"]
[Round "?"]
[White "Pavlovic, Milos"]
[Black "Georgiev, Kiril"]
[Result "0-1"]
[WhiteElo "2505"]
[BlackElo "2660"]
[PlyCount "86"]
[EventDate "1998.??.??"]
[Source "ChessBase"]
[SourceDate "1998.10.01"]

1. e4 c5 2. Nf3 d6 3. d4 cxd4 4. Nxd4 Nf6 5. Nc3 a6 6. Bg5 e6 7. f4 Be7 8. Qf3 Qc7 9. O-O-O Nbd7 10. g4 b5 11. Bxf6 Nxf6 12. g5 Nd7 13. f5 Bxg5+ 14. Kb1 Ne5 15. Qh5 Qd8 16. h4 Bf6 17. fxe6 O-O 18. Bh3 fxe6 19. Bxe6+ Kh8 20. Nd5 Bb7 21. Rdf1 Qe8 22. Qd1 Bxd5 23. Bxd5 Rc8 24. Ne6 Rf7 25. b3 Re7 26. Rxf6 gxf6 27. Nd4 Rcc7 28. Nf5 Rg7 29. Nxg7 Rxg7 30. Rf1 Qd8 31. Be6 Rg2 32. Qd5 b4 33. Bh3 Rg3 34. Bf5 a5 35. h5 Rg5 36. Rd1 Rxh5 37. Qe6 Qf8 38. Rxd6 Rh1+ 39. Kb2 a4 40. a3 bxa3+ 41. Kxa3 axb3 42. Kxb3 Qb8+ 43. Kc3 Qc7+ 0-1

[Event "Hamburg 82/241"]
[Site "?"]
[Date "2001.??.??"]
[Round "?"]
[White "Hector, J."]
[Black "Ftacnik, L."]
[Result "1-0"]
[WhiteElo "2546"]
[BlackElo "2618"]
[PlyCount "91"]
[EventDate "2001.??.??"]
[Source "Chess Informant"]
[SourceDate "2001.06.01"]

1. e4 c5 2. Nf3 d6 3. d4 cxd4 4. Nxd4 Nf6 5. Nc3 a6 6. Bg5 e6 7. f4 Be7 8. Qf3 Qc7 9. O-O-O Nbd7 10. g4 b5 11. Bxf6 Nxf6 12. g5 Nd7 13. Kb1 b4 14. Nce2 Bb7 15. Bg2 g6 16. h4 Rc8 17. Rc1 e5 18. Nb3 f5 19. Qh3 Rf8 20. h5 Bxe4 21. Bxe4 fxe4 22. hxg6 hxg6 23. Qe6 Qc4 24. Qxg6+ Kd8 25. Rh2 e3 26. c3 exf4 27. Ned4 Ne5 28. Qh6 Ng4 29. Qh3 Nxh2 30. Ne6+ Ke8 31. Nbd4 Qd3+ 32. Ka1 bxc3 33. bxc3 Qd2 34. Ng7+ Kf7 35. g6+ Kxg7 36. Qh7+ Kf6 37. Qh4+ Ke5 38. Qxe7+ Kd5 39. Qe6+ Kc5 40. Nb3+ Kc6 41. Nxd2 exd2 42. Rb1 Rb8 43. Rd1 Rfe8 44. Qc4+ Kd7 45. Qxf4 Re2 46. Qf7+ 1-0

[Event "ETCC"]
[Site "Crete GRE"]
[Date "2007.11.04"]
[Round "7"]
[White "Kotronias, V."]
[Black "Kulaots, K."]
[Result "1-0"]
[WhiteElo "2614"]
[BlackElo "2547"]
[PlyCount "61"]
[EventDate "2007.10.28"]
[Source "www.chesslib.no"]
[SourceDate "2004.05.04"]

1. e4 c5 2. Nf3 d6 3. d4 cxd4 4. Nxd4 Nf6 5. Nc3 a6 6. Bg5 e6 7. f4 Be7 8. Qf3 h6 9. Bh4 Qc7 10. O-O-O Nbd7 11. Be2 Rb8 12. Qg3 O-O 13. Bf3 Nb6 14. e5 dxe5 15. fxe5 Nfd5 16. Nxd5 Nxd5 17. Bxd5 Bxh4 18. Qxh4 exd5 19. Rhe1 Re8 20. Re3 Bd7 21. Rde1 Rbc8 22. Qf4 Qb6 23. Rf1 Re7 24. Rg3 Kh8 25. b3 Rce8 26. Qd2 Rxe5 27. Rxf7 Qd6 28. Kb2 Rg8 29. Qf4 Bc6 30. Nf5 Qe6 31. Nxg7 1-0

[Event "Biel"]
[Site "Biel"]
[Date "1989.??.??"]
[Round "?"]
[White "Hellers, Ferdinand"]
[Black "De Firmian, Nick E"]
[Result "1/2-1/2"]
[WhiteElo "2560"]
[BlackElo "2595"]
[PlyCount "48"]
[EventDate "1989.07.??"]
[Source "ChessBase"]

1. e4 c5 2. Nf3 d6 3. d4 cxd4 4. Nxd4 Nf6 5. Nc3 a6 6. Bg5 e6 7. f4 Be7 8. Qf3 Qc7 9. O-O-O Nbd7 10. Bd3 b5 11. Rhe1 Bb7 12. Qg3 b4 13. Nd5 exd5 14. e5 dxe5 15. fxe5 Nh5 16. e6 Nxg3 17. exf7+ Kxf7 18. Rxe7+ Kg8 19. hxg3 Qxg3 20. Ne6 Qe5 21. Rf1 Nf8 22. Bf5 Bc8 23. Re8 Kf7 24. Re7+ Kg8 1/2-1/2

[Event "Groningen op"]
[Site "Groningen"]
[Date "1997.??.??"]
[Round "4"]
[White "Nisipeanu, Liviu Dieter"]
[Black "Istratescu, Andrei"]
[Result "1/2-1/2"]
[WhiteElo "2600"]
[BlackElo "2550"]
[PlyCount "27"]
[EventDate "1997.12.20"]
[Source "ChessBase"]
[SourceDate "1998.03.09"]

1. e4 c5 2. Nf3 d6 3. d4 cxd4 4. Nxd4 Nf6 5. Nc3 a6 6. Bg5 e6 7. f4 Be7 8. Qf3 Qc7 9. O-O-O Nbd7 10. g4 b5 11. Bxf6 gxf6 12. f5 Ne5 13. Qh3 O-O 14. Nce2 1/2-1/2

[Event "RUS-chT 9th"]
[Site "Ekaterinburg"]
[Date "2002.05.17"]
[Round "1"]
[White "Smikovski, Ivan"]
[Black "Sakaev, Konstantin"]
[Result "1/2-1/2"]
[WhiteElo "2497"]
[BlackElo "2649"]
[PlyCount "87"]
[EventDate "2002.05.17"]
[Source "ChessBase"]
[SourceDate "2002.09.20"]

1. e4 c5 2. Nf3 d6 3. d4 cxd4 4. Nxd4 Nf6 5. Nc3 a6 6. Bg5 e6 7. f4 Qc7 8. Qf3 Nbd7 9. O-O-O h6 10. Bh4 Be7 11. Bd3 Qc5 12. Bf2 Qh5 13. Qg3 Qa5 14. f5 e5 15. Nb3 Qd8 16. Bc4 O-O 17. Be3 Kh8 18. Qf3 b5 19. Bd5 Rb8 20. h4 b4 21. Ne2 Nxd5 22. exd5 Rb5 23. Kb1 Nb6 24. Qe4 Qc7 25. Bxb6 Rxb6 26. g4 f6 27. Nd2 Rb5 28. Nf3 Rc5 29. b3 Bd7 30. Ng3 Rc8 31. Rd2 Rc3 32. Ne2 Rc5 33. g5 Be8 34. gxh6 gxh6 35. Nh2 Bf7 36. Ng4 Rxd5 37. Qe3 Bf8 38. Nxf6 Rxd2 39. Qxd2 Qc6 40. Rg1 a5 41. Ng4 Kh7 42. Nf6+ Kh8 43. Ng4 Kh7 44. Nf6+ 1/2-1/2